New Jersey Interstate Highways - Statistics

General Stats
  • This quiz has been taken 155 times
  • The average score is 7 of 10
Answer Stats
Answer % Correct
I-95
95%
I-80
90%
I-78
85%
I-295
77%
I-287
74%
I-195
70%
I-280
69%
I-278
61%
I-76
57%
I-676
35%
No matching quizzes found
Score Distribution
Percent of People with Each Score
Percentile by Number Answered
Your Score History
You have not taken this quiz